000 00401nam a2200157Ia 4500
008 160316s9999 xxu||||| |||| 00| 0 eng d
082 _a346.043620
_bKUL
100 _aKulkarni Sharad
245 _aComments on the rehabilitation and resettlement bill, 2007
250 _a
260 _a
_b
_c0
300 _a10
_b
_c
365 _b
650 _a1. Rehabilitation - resettlement bill
700 _a
_a
999 _c39936
_d39936